Harry Potter and the chamber of secrets / (Record no. 19661)
[ view plain ]
| 000 -LEADER | |
|---|---|
| fixed length control field | 00814nam a2200241 a 4500 |
| 003 - CONTROL NUMBER IDENTIFIER | |
| control field | a |
| 005 - DATE AND TIME OF LATEST TRANSACTION | |
| control field | 20250513135939.0 |
| 008 - FIXED-LENGTH DATA ELEMENTS--GENERAL INFORMATION | |
| fixed length control field | 021016s19uu xx 00 eng d |
| 020 ## - INTERNATIONAL STANDARD BOOK NUMBER | |
| International Standard Book Number | 9780439064866 |
| 050 ## - LIBRARY OF CONGRESS CALL NUMBER | |
| Classification number | Fic |
| Item number | Ro79 1999 |
| 082 ## - DEWEY DECIMAL CLASSIFICATION NUMBER | |
| Classification number | Fic |
| Item number | Ro79 1999 |
| 100 ## - MAIN ENTRY--PERSONAL NAME | |
| Personal name | Rowling, J. K. |
| 245 ## - TITLE STATEMENT | |
| Title | Harry Potter and the chamber of secrets / |
| Statement of responsibility, etc | J. K. Rowling. |
| 250 ## - EDITION STATEMENT | |
| Edition statement | Book 2 |
| 260 ## - PUBLICATION, DISTRIBUTION, ETC. (IMPRINT) | |
| Place of publication, distribution, etc | New York : |
| Name of publisher, distributor, etc | Scholastic Inc, |
| Date of publication, distribution, etc | 1999. |
| 300 ## - PHYSICAL DESCRIPTION | |
| Extent | 341 p. : |
| Other physical details | ill. ; |
| Dimensions | 24 cm. |
| 520 ## - SUMMARY, ETC. | |
| Summary, etc | When the Chamber is open again at the Hogwarts school for witchcraft and wizardy, second year student Harry Potter finds himself in danger from a dark power that has once more released on the school. |
| 650 ## - SUBJECT ADDED ENTRY--TOPICAL TERM | |
| Topical term or geographic name as entry element | Wizards |
| General subdivision | fiction |
| 650 ## - SUBJECT ADDED ENTRY--TOPICAL TERM | |
| Topical term or geographic name as entry element | Magic |
| General subdivision | fiction |
| 942 ## - ADDED ENTRY ELEMENTS (KOHA) | |
| Koha item type | Books |
| Source of classification or shelving scheme | Dewey Decimal Classification |
| Withdrawn status | Lost status | Source of classification or shelving scheme | Damaged status | Home library | Current library | Shelving location | Date acquired | Total Checkouts | Total Renewals | Full call number | Barcode | Date last seen | Date checked out | Copy number | Price effective from | Koha item type | Source of acquisition | Sub Shelving location |
|---|---|---|---|---|---|---|---|---|---|---|---|---|---|---|---|---|---|---|
| Library of Congress Classification | College Library | College Library | Fiction Section | 10/28/2008 | 9 | 39 | PZ 7 .R79835Har 1999 | C8495 | 05/08/2018 | 02/16/2017 | 1 | 10/10/2013 | Books | |||||
| Library of Congress Classification | College Library | College Library | General Circulation Section | 01/22/2014 | 1 | 1 | PZ 7 .R79835Har 1999 | C0916 | 05/15/2018 | 11/22/2016 | 2 | 01/22/2014 | Books | |||||
| Dewey Decimal Classification | Munich Library | Munich Library | Fiction Section | 05/13/2025 | Fic Ro79 1999 | M8975 | 05/13/2025 | 05/13/2025 | Books | Library Fund |